[Event "Yerevan op 2nd"]
[Site "Yerevan"]
[Date "2017.09.25"]
[Round "7"]
[White "Manukyan, Levon"]
[Black "Adamyan, Mane"]
[Result "1-0"]
[WhiteElo "1871"]
[BlackElo "1636"]
[PlyCount "103"]
[EventDate "2017.09.19"]
[EventType "swiss"]
[EventRounds "9"]
[EventCountry "ARM"]
[SourceTitle "EXT 2018"]
[Source "ChessBase"]
[SourceDate "2017.10.13"]
[SourceVersion "1"]
[SourceVersionDate "2017.10.13"]
[SourceQuality "1"]

1. e4 e6 2. d4 d5 3. Nd2 Be7 4. Bd3 Nf6 5. e5 Nfd7 6. Ne2 c5 7. c3 Nc6 8. Nf3 g5 9. h4 g4 10. Ng5 Nf8 11. Nf4 cxd4 12. Nh5 Rg8 13. cxd4 h6 14. Nh7 Nxh7 15. Bxh7 Rh8 16. Qxg4 Kd7 17. Qg7 Nxd4 18. Be3 Nc6 19. Qxf7 Nxe5 20. Qg7 Qf8 21. Qxe5 Rxh7 22. Rc1 Qd8 23. Qd4 Qa5+ 24. Bd2 Qxa2 25. Qe5 Bd6 26. Nf6+ Ke7 27. Ng8+ Kd7 28. Qd4 Rf7 29. Nxh6 Re7 30. Bg5 Qa5+ 31. Bd2 Qb5 32. Ng8 Rf7 33. Nf6+ Ke7 34. Bg5 Qb4+ 35. Qxb4 Bxb4+ 36. Ke2 Rxf6 37. Rc7+ Kd6 38. Rhc1 Rf5 39. Be7+ Ke5 40. Bxb4 a5 41. Be7 Rf4 42. Rxc8 Re4+ 43. Kf1 Ra6 44. Re1 Rxe1+ 45. Kxe1 Rb6 46. Rc2 d4 47. Rd2 Rb5 48. g4 Ke4 49. g5 e5 50. g6 Rb6 51. h5 Rc6 52. g7 1-0

[Event "Yerevan op 2nd"]
[Site "Yerevan"]
[Date "2017.09.19"]
[Round "1"]
[White "Manukyan, Levon"]
[Black "Sargsyan, Shant"]
[Result "0-1"]
[WhiteElo "1871"]
[BlackElo "2436"]
[PlyCount "56"]
[EventDate "2017.09.19"]
[EventType "swiss"]
[EventRounds "9"]
[EventCountry "ARM"]
[SourceTitle "CBM 180 Extra"]
[Source "ChessBase"]
[SourceDate "2017.10.06"]
[SourceVersion "1"]
[SourceVersionDate "2017.10.06"]
[SourceQuality "1"]

1. e4 c5 2. Nf3 d6 3. d4 Nf6 4. Nc3 cxd4 5. Nxd4 Nc6 6. Bc4 e6 7. Be3 a6 8. Qe2 Qc7 9. Bb3 Be7 10. 0-0-0 0-0 11. Rhg1 b5 12. g4 b4 13. Nxc6 Qxc6 14. Nd5 Re8 15. Nb6 Rb8 16. Ba4 Qxe4 17. f3 Qb7 18. Bxe8 Nxe8 19. g5 d5 20. h4 Nd6 21. h5 Nf5 22. Bf2 Qc6 23. Nxc8 Rxc8 24. Bd4 Nxd4 25. Rxd4 Bc5 26. Rdd1 Bxg1 27. Rxg1 Qc4 28. Qe5 Qxc2# 0-1

[Event "Yerevan Asrian Memorial 10th"]
[Site "Yerevan"]
[Date "2017.06.24"]
[Round "4"]
[White "Manukyan, Levon"]
[Black "Barseghyan, Armen Ar"]
[Result "1/2-1/2"]
[WhiteElo "1783"]
[BlackElo "2071"]
[PlyCount "102"]
[EventDate "2017.06.21"]
[EventType "swiss"]
[EventRounds "9"]
[EventCountry "ARM"]
[SourceTitle "EXT 2018"]
[Source "ChessBase"]
[SourceDate "2017.10.13"]
[SourceVersion "1"]
[SourceVersionDate "2017.10.13"]
[SourceQuality "1"]

1. e4 c5 2. d3 Nc6 3. f4 d5 4. Be2 dxe4 5. dxe4 Qxd1+ 6. Bxd1 e5 7. c3 Nf6 8. Bc2 Bd6 9. f5 h6 10. Na3 b6 11. Bd2 Ba6 12. Ne2 0-0-0 13. Ng3 b5 14. Bd3 c4 15. Be2 Bc5 16. Nc2 Bf2+ 17. Kxf2 Rxd2 18. Rac1 Rhd8 19. Rhd1 Rxd1 20. Rxd1 Rxd1 21. Bxd1 Bb7 22. Ke3 Kc7 23. a4 a6 24. Na3 Kb6 25. axb5 axb5 26. Nh5 Nxh5 27. Bxh5 f6 28. Be8 Na7 29. Nb1 Kc5 30. Nd2 Nc8 31. Bd7 Nd6 32. g4 b4 33. h4 bxc3 34. bxc3 Ba6 35. Ba4 Bb5 36. Bc2 Kb6 37. Nf1 Ka5 38. Ng3 Ba4 39. Kd2 Be8 40. Kc1 Nb7 41. Bd1 Nc5 42. Bc2 Kb5 43. Kb2 Bf7 44. Nf1 Be8 45. Ng3 Bc6 46. Ka3 Nd3 47. Ba4+ Kc5 48. Bxc6 Kxc6 49. Nh5 Nf2 50. Nxg7 Nxg4 51. Ne8 Kb5 1/2-1/2